Directoire (Record no. 159588)

MARC details
000 -LEADER
campo de control de longitud fija 00753nam a22002055i 4500
001 - NÚMERO DE CONTROL
campo de control 159588
003 - IDENTIFICADOR DE NÚMERO DE CONTROL
campo de control ES-MaACL
005 - FECHA Y HORA DE LA ÚLTIMA TRANSACCIÓN
campo de control 20250821063058.0
008 - DATOS DE LONGITUD FIJA--INFORMACIÓN GENERAL
campo de control de longitud fija 990701s1872 fr |||| | fre d
040 ## - FUENTE DE CATALOGACIÓN
Centro catalogador/agencia de origen GA
Lengua de catalogación spa
Centro/agencia transcriptor CCPB | 3D
100 1# - ENTRADA PRINCIPAL--NOMBRE DE PERSONA
Nombre de persona Michelet, Jules,
Fechas asociadas al nombre 1798-1874
9 (RLIN) 80919
245 10 - MENCIÓN DEL TÍTULO
Título Directoire
Resto del título : ; Origine des Bonaparte /
Mención de responsabilidad, etc. J. Michelet.
260 ## - PUBLICACIÓN, DISTRIBUCIÓN, ETC.
Lugar de publicación, distribución, etc. Paris :
Nombre del editor, distribuidor, etc. Librairie Germer Baillière,
Fecha de publicación, distribución, etc. 1872 (
Fabricante Imp. Simon Raçon et Comp.)
300 ## - DESCRIPCIÓN FÍSICA
Extensión XXII, 443 p. ;
Dimensiones 23 cm.
490 1# - MENCIÓN DE SERIE
Mención de serie Histoire du XIXe siècle
651 #4 - PUNTO DE ACCESO ADICIONAL DE MATERIA--NOMBRE GEOGRÁFICO
Nombre geográfico Francia-
Subdivisión general Historia-
Subdivisión cronológica 1795-1799, Directorio.
9 (RLIN) 156526
830 0# - PUNTO DE ACCESO ADICIONAL DE SERIE-TÍTULO UNIFORME
Título uniforme Histoire du XIXe siècle
9 (RLIN) 221954
852 ## - LOCALIZACIÓN
Ubicación ES-MaACL
Número de control de estantería G-4801
Nota libre -- Enc. hol.
-- -- Legado de M. de la Fuente
Holdings
Estatus retirado Estado de pérdida Estado de daño No para préstamo Colección Biblioteca de origen Biblioteca actual Ubicación en estantería Fecha de adquisición Fuente de adquisición Total de préstamos Signatura topográfica completa Código de barras Visto por última vez Precio de reemplazo Tipo de ítem Koha
        Libros del s. XIX Biblioteca del Ateneo de Madrid Biblioteca del Ateneo de Madrid Depósito 2 17/01/2008     G-4801 1167068 23/02/2023 23/02/2023 Libro impreso antiguo